|
|
|
|
| LEADER |
01302nam a2200373 4500 |
| 001 |
000005207 |
| 003 |
1350 |
| 005 |
20120426080431.0 |
| 008 |
110811s1986 viesd |
| 020 |
|
|
|c 22000
|
| 041 |
0 |
|
|a vie
|
| 082 |
|
|
|a 895.9221
|b NG-T
|
| 100 |
0 |
|
|a Nguyễn Huy Tưởng
|
| 245 |
1 |
0 |
|a Tuyển tập Nguyễn Huy Tưởng
|b ba tập
|c Hà Minh Đức sưu tầm và giới thiệu
|n Tập 3
|
| 260 |
|
|
|a H.
|b Văn Học
|c 1986
|
| 300 |
|
|
|a 510 tr.
|c 20 cm
|
| 490 |
|
|
|a Văn học hiện đại Việt Nam
|
| 653 |
|
|
|a Văn học hiện đại
|
| 653 |
|
|
|a Tiểu thuyết
|
| 653 |
|
|
|a truyện ngắn
|
| 653 |
|
|
|a Văn học Việt Nam
|
| 700 |
|
|
|a Hà Minh Đức
|e sưu tầm tuyển chon và giới thiệu
|
| 773 |
|
|
|t Tuyển tập Nguyễn Huy Tưởng
|w 1348
|
| 910 |
|
|
|a Thu Sương
|d 10/8/2011
|
| OWN |
|
|
|a LSP
|
| AVA |
|
|
|a UDN50
|b LSP
|d 895.9221 NG-T
|e available
|t Error 5001 Not defined in file expand_doc_bib_avail.
|f 2
|g 1
|h N
|i 0
|k 1
|
| 999 |
|
|
|a From the UDN01
|
| AVA |
|
|
|a UDN50
|b LSP
|d 895.9221 NG-T
|e available
|t Error 5001 Not defined in file expand_doc_bib_avail.
|f 2
|g 1
|h N
|i 0
|k 1
|
| TYP |
|
|
|a Monograph
|
| TYP |
|
|
|a Printed language
|
| 980 |
|
|
|a Mạng thư viện Đại học Đà Nẵng
|